[Event "Vlissingen HZ op 12th"]
[Site "Vlissingen"]
[Date "2008.08.04"]
[Round "4"]
[White "Hekhuis, Jeroen"]
[Black "Goverde, Ruud"]
[Result "1-0"]
[WhiteElo "2139"]
[BlackElo "1958"]
[PlyCount "59"]
[EventDate "2008.08.02"]
[EventType "swiss"]
[EventRounds "9"]
[EventCountry "NED"]
[SourceTitle "CBM 125 Extra"]
[Source "ChessBase"]
[SourceDate "2008.09.01"]
[SourceVersion "1"]
[SourceVersionDate "2008.09.01"]
[SourceQuality "1"]

1. Nf3 Nf6 2. g3 g6 3. Bg2 Bg7 4. c4 0-0 5. Nc3 d5 6. d4 a5 7. 0-0 Na6 8. Ne5 c6 9. Bf4 Nc7 10. cxd5 Ncxd5 11. Nxd5 Nxd5 12. Qd2 Nxf4 13. Qxf4 Qd6 14. Rfd1 f6 15. Nc4 Qxf4 16. gxf4 Be6 17. Nb6 Rad8 18. Rd3 f5 19. e3 c5 20. d5 Bf7 21. Rc1 Bxb2 22. Rxc5 e5 23. Rb3 Ba1 24. Rb1 e4 25. Rxa1 Rd6 26. Nc8 Rdd8 27. Rac1 Rfe8 28. Bf1 b6 29. Nxb6 Rb8 30. Nd7 1-0

[Event "Vlissingen HZ op 11th"]
[Site "Vlissingen"]
[Date "2007.08.05"]
[Round "3"]
[White "Goverde, Ruud"]
[Black "Steenbekkers, Franck"]
[Result "1/2-1/2"]
[WhiteElo "1951"]
[BlackElo "2228"]
[PlyCount "81"]
[EventDate "2007.08.04"]
[EventType "swiss"]
[EventRounds "9"]
[EventCountry "NED"]
[SourceTitle "CBM 119 Extra"]
[Source "ChessBase"]
[SourceDate "2007.09.04"]
[SourceVersion "1"]
[SourceVersionDate "2007.09.04"]
[SourceQuality "1"]

1. e4 e6 2. d4 d5 3. e5 c5 4. c3 Nc6 5. Nf3 Bd7 6. Be2 Nge7 7. a3 Nf5 8. b4 cxd4 9. cxd4 Rc8 10. 0-0 Be7 11. Be3 0-0 12. Bd3 Nxe3 13. fxe3 f6 14. exf6 Bxf6 15. b5 Na5 16. Nbd2 Qb6 17. Qe2 g6 18. Rac1 Qd6 19. a4 Rxc1 20. Rxc1 Qa3 21. Rc7 Rf7 22. h3 Qxa4 23. Kh2 Qb4 24. Rc1 Qd6+ 25. Kh1 b6 26. Qd1 Qg3 27. Nf1 Qb8 28. Qc2 Qe8 29. Qb1 Nc4 30. Bxc4 dxc4 31. Rxc4 Bxb5 32. Rc1 Bc6 33. N1d2 Bb7 34. Nc4 Bxf3 35. gxf3 Rc7 36. Nd6 Qd7 37. Ne4 Rxc1+ 38. Qxc1 Be7 39. Qc4 h6 40. Qc2 Kh7 41. Kg2 1/2-1/2

[Event "Brasschaat op 04th"]
[Site "Brasschaat"]
[Date "2004.08.25"]
[Round "5"]
[White "Van Damme, Tonnie"]
[Black "Goverde, Ruud"]
[Result "1/2-1/2"]
[WhiteElo "1769"]
[BlackElo "1875"]
[PlyCount "73"]
[EventDate "2004.08.21"]
[EventType "swiss"]
[EventRounds "9"]
[EventCountry "BEL"]
[SourceTitle "EXT 2017"]
[Source "ChessBase"]
[SourceDate "2016.10.25"]
[SourceVersion "1"]
[SourceVersionDate "2016.10.25"]
[SourceQuality "1"]

1. d4 Nf6 2. Nf3 g6 3. Bf4 d6 4. e3 Bg7 5. h3 0-0 6. c4 Nbd7 7. Nc3 c5 8. Be2 a6 9. 0-0 Rb8 10. b3 Qa5 11. Qd2 Re8 12. Ne4 Qxd2 13. Nxf6+ Bxf6 14. Nxd2 cxd4 15. exd4 Bxd4 16. Rad1 Bg7 17. Nf3 b6 18. g4 Bb7 19. h4 Nf6 20. Ng5 Ne4 21. Nxe4 Bxe4 22. h5 e5 23. Be3 Bf8 24. f3 Bc6 25. Bg5 h6 26. Be3 g5 27. Bd3 e4 28. fxe4 Bxe4 29. Kh2 Bg7 30. Kh3 Bg2+ 31. Kxg2 Rxe3 32. Rf3 Re7 33. Rff1 Re3 34. Rf3 Re7 35. Rff1 Re6 36. Rf3 Rbe8 37. Rdf1 1/2-1/2